| 000 | 00530nam a22001817a 4500 | ||
|---|---|---|---|
| 999 |
_c189955 _d189955 |
||
| 005 | 20220714173220.0 | ||
| 010 | _aENG-133588 | ||
| 020 |
_a9789390590957 _c395.00 |
||
| 035 | _aEN-117120 | ||
| 037 | _bDBAD/PUB | ||
| 082 | _aN | ||
| 100 | _aKelkar, Supriya | ||
| 245 |
_aStrong as Fiore Fierce as Flame/ _cSupriya Kelkar |
||
| 260 |
_aGurgaon _bScholastic India Pvt. Ltd _c2021 |
||
| 270 |
_aA-27, Ground Floor, Sigma Centre Infocity-I, Sector 34 _bGurgaon _e122001 |
||
| 300 |
_a314p. _c19cm(pbk) |
||
| 942 |
_2ddc _cEN _hN _mKEL |
||